The Paris enigma : (Record no. 1846)

MARC details
000 -LEADER
fixed length control field 00570nam a2200181 ar4500
001 - CONTROL NUMBER
control field 1848
005 - DATE AND TIME OF LATEST TRANSACTION
control field 20221127090313.0
008 - FIXED-LENGTH DATA ELEMENTS--GENERAL INFORMATION
fixed length control field 200310s xxk 0001f|eng d
020 ## - INTERNATIONAL STANDARD BOOK NUMBER
International Standard Book Number 9780007269020
082 04 - DEWEY DECIMAL CLASSIFICATION NUMBER
Classification number 863
Item number Sa59 2009
100 1# - MAIN ENTRY--PERSONAL NAME
Personal name Santis, Pablo De.
245 14 - TITLE STATEMENT
Title The Paris enigma :
Remainder of title a novel /
Statement of responsibility, etc. by Pablo De Santis ; translated from Spanish by Mara Lathem.
260 ## - PUBLICATION, DISTRIBUTION, ETC.
Place of publication, distribution, etc. London :
Name of publisher, distributor, etc. HarperCollins,
Date of publication, distribution, etc. 2009.
300 ## - PHYSICAL DESCRIPTION
Extent 355p. ;
Dimensions 17cm.
650 #4 - SUBJECT ADDED ENTRY--TOPICAL TERM
Topical term or geographic name entry element Spanish fiction.
650 #4 - SUBJECT ADDED ENTRY--TOPICAL TERM
Topical term or geographic name entry element Spanish fiction
General subdivision Translations into English.
700 0# - ADDED ENTRY--PERSONAL NAME
Personal name Lathem, Mara,
Relator term translator.
Holdings
Withdrawn status Lost status Source of classification or shelving scheme Damaged status Not for loan Home library Current library Date acquired Total Checkouts Full call number Barcode Date last seen Copy number Price effective from Koha item type
              11/27/2022   863 Sa59 2009 1000000006342 11/27/2022 C1 11/27/2022 Book